000 00629nam a2200253Ia 4500
003 OSt
005 20221007104306.0
006 a|||||r|||| 00| 0
007 ta
008 221006b |||||||| |||| 00| 0 eng d
024 _a15,427
037 _cTextual
040 _aLCO
_cLCO
_beng
041 _2eng
_aeng
082 _aZ2,91a, L0
100 _aDias R.W.N.
_9705961
245 0 _aBibliography of jurisprudence
250 _a2nd
260 _aLondon
_bButterworth UK
_c1970
300 _a445
650 _aJURISPRUDENCE
942 _hZ2,91a, L0
_cTEXL
999 _c1184990
_d1184990